00923nam a2200217 a 450000100060000000300090000600800410001504000280005608200180008410000580010224501230016026000420028330000110032559000610033665000490039765000460044665000310049294200120052399900170053595201530055215924CO-ViMGA141112s2004 ck r 000 u spa d aCO-ViMGAbspacCO-ViMGA04a331.153 C656m1 aColombia Ministerio de Justicia y el Derecho, 92284310aMecanismos alternativos de solución de conflictos : bMediación, conciliación, arbitraje, amigable composición aBogotá, cImprenta Nacional, c1998 a103.p. aForma de adquisición : Donación - - Precio : 10.00014aCONCILIACION - LEGISLACION - COLOMBIA92284414aMEDIACION - LEGISLACION - COLOMBIA92284514aSOLUCION DE CONFLICTOS954 2ddccBK c25928d25928 00102ddc40708002aMEVIECARbMEVIECARd2015-12-04hVolumen. 1 | 11/jun/2009l0o331.153 C656m p15924r2015-12-04 00:00:00tEj. 1w2015-12-04yBK